000 00680nam a2200289Ia 4500
005 20260324134449.0
008 008 260324s9999 xx 000 0 eng d
020 _a9780203996812
037 _aEBOOK
040 _aCRL
040 _beng
040 _cCRL
041 _2eng
041 _aeng
084 _qCRL
100 _aFloya Anthias; Cathy Lloyd
_91196912
245 0 _aRethinking Anti-Racisms
245 0 _bFrom Theory to Practice
260 _bTaylor and Francis
260 _c2002
365 _a
365 _b62.99
856 _uhttp://www.taylorfrancis.com/books/9780203996812
942 _cEBOOK
999 _c1797045
_d1797045